Cấu trúc hạt nhân

में बचाया:
ग्रंथसूची विवरण
मुख्य लेखक: Đặng Huy Uyên
स्वरूप: पुस्तक
भाषा:Undetermined
प्रकाशित: H. ĐHQG 2003
विषय:
टैग : टैग जोड़ें
कोई टैग नहीं, इस रिकॉर्ड को टैग करने वाले पहले व्यक्ति बनें!
Thư viện lưu trữ: Trung tâm Học liệu Trường Đại học Cần Thơ
LEADER 00464nam a2200181Ia 4500
001 CTU_55581
008 210402s9999 xx 000 0 und d
020 |b 11800 
082 |a 539.74 
082 |b U603 
100 |a Đặng Huy Uyên 
245 0 |a Cấu trúc hạt nhân 
245 0 |c Đặng Huy Uyên 
260 |a H. 
260 |b ĐHQG 
260 |c 2003 
650 |a nuclear structure 
980 |a Trung tâm Học liệu Trường Đại học Cần Thơ